Movies Quiz

Random Movies or Actor Quiz

Movies by Nemeses Quiz Stats

Quiz Updated Apr 11, 2015

Also try: Movie Villains
Challenge
Share
Tweet
Embed
Score 0/22 Timer 05:00
1 Play Today
Nemeses Film % Correct
Daniel Radcliffe and Ralph FiennesHarry Potter And The Goblet Of Fire (2005)
92.5%
Uma Thurman and David CarradineKill Bill (2003, 2004)
86.9%
Michael Keaton and Jack NicholsonBatman (1989)
85.6%
Keanu Reeves and Hugo WeavingThe Matrix (1999)
84.6%
Christopher Reeve and Gene HackmanSuperman (1978)
84.3%
John Travolta and Nicolas CageFace/Off (1997)
83.8%
Leonardo DiCaprio and Tom HanksCatch Me If You Can (2002)
83.7%
Chris Hemsworth and Tom HiddlestonThor (2011)
82.7%
Michael J. Fox and Thomas F. WilsonBack To The Future (1985)
81%
Russell Crowe and Joaquin PhoenixGladiator (2000)
80.7%
Patrick Stewart and Ian McKellenX-Men (2000)
80.3%
Nemeses Film % Correct
Judy Garland and Margaret HamiltonThe Wizard Of Oz (1939)
78.6%
Tom Cruise and Val KilmerTop Gun (1986)
71.5%
Keanu Reeves and Dennis HopperSpeed (1994)
67.6%
Matthew Broderick and Jeffrey JonesFerris Bueller's Day Off (1986)
60.9%
Robin Williams and Dustin HoffmanHook (1991)
52.9%
Hugh Jackman and Russell CroweLes Misérables (2012)
52.9%
Hugh Jackman and Christian BaleThe Prestige (2006)
51.4%
Kristen Stewart and Charlize TheronSnow White And The Huntsman (2012)
50.5%
Kevin Costner and Alan RickmanRobin Hood: Prince Of Thieves (1991)
49.2%
Mandy Patinkin and Christopher GuestThe Princess Bride (1987)
47.5%
Tom Hulce and F. Murray AbrahamAmadeus (1984)
39.5%

You're not logged in!

Compare scores with friends on all Sporcle quizzes.
Sign Up with Email
OR
Log In

You Might Also Like...

Show Comments

Extras

Top Quizzes Today


Score Distribution

Your Account Isn't Verified!

In order to create a playlist on Sporcle, you need to verify the email address you used during registration. Go to your Sporcle Settings to finish the process.